000 00680nam a2200265Ia 4500
005 20260121171430.0
008 008 260114s9999 xx 000 0 eng d
020 _a9789811397998
037 _aEBOOK
040 _aCRL
040 _beng
040 _cCRL
041 _2eng
041 _aeng
084 _qCRL
100 _aRichard Javad Heydarian
_91076160
245 4 _aThe Indo-Pacific: Trump, China, and the New Struggle for Global Mastery
260 _bSpringer
260 _bSpringer
260 _c2020
856 _uhttps://link.springer.com/openurl?genre=book&isbn=978-981-13-9799-8
942 _cEBOOK
999 _c1641890
_d1641890